[Event "Netanya Masters"]
[Site "Netanya"]
[Date "2019.07.01"]
[Round "8"]
[White "Dubov, Daniil"]
[Black "Dominguez Perez, Leinier"]
[Result "1/2-1/2"]
[WhiteElo "2700"]
[BlackElo "2760"]
[PlyCount "21"]
[EventDate "2019.06.23"]
[EventType "tourn"]
[EventRounds "9"]
[EventCountry "ISR"]
[EventCategory "18"]
[SourceTitle "CBM 191"]
[Source "ChessBase"]
[SourceDate "2019.08.31"]
[SourceVersion "1"]
[SourceVersionDate "2019.08.31"]
[SourceQuality "1"]

1. d4 d5 2. c4 e6 3. Nf3 Nf6 4. Bg5 dxc4 5. e4 c5 6. Bxc4 ({RR} 6. Nc3 cxd4 7. Qxd4 Qxd4 8. Nxd4 h6 9. Bh4 Bd7 10. Bxc4 Nc6 11. Nxc6 Bxc6 12. f3 a6 13. Rc1 Nd7 14. O-O g5 15. Bf2 Bg7 16. Rfd1 Ke7 17. Bb3 Rhc8 18. a4 b6 19. Bc4 Bxc3 20. Rxc3 Bxa4 {Stocek,J (2471)-Samunenkov,I (2584) Czech Republic CZE 2026 0-1 (52)}) 6... h6 ({RR} 6... cxd4 7. O-O Be7 8. e5 Nd5 9. Bxe7 Nxe7 10. Nbd2 O-O 11. Re1 b6 12. Ne4 Ba6 13. Bxa6 Nxa6 14. Nd6 Qd7 15. Qxd4 Rad8 16. Rad1 Nc7 17. Qe4 h6 18. Nd4 Ncd5 19. f4 Nc8 20. Nxc8 Qxc8 21. f5 {Carlsen,M (2863)-Nakamura,H (2736) chess24.com INT 2020 ½-½ (75)}) ({RR} 6... cxd4 7. e5 h6 8. Bxf6 gxf6 9. exf6 Nc6 10. Nbd2 Qxf6 11. O-O Bd7 ({RR} 11... Bg7 12. Ne4 Qe7 13. Re1 Bd7 14. Rc1 h5 15. h4 O-O-O 16. Bb5 Kb8 17. Nc5 Be8 18. Qa4 Rc8 19. Rc4 Na5 20. Qxa5 Rxc5 21. Rxc5 Qxc5 22. Qd8+ Qc8 23. Qg5 Bxb5 24. Qxg7 Bc6 25. Nxd4 Bd5 26. Qe5+) 12. Ne4 Qg6 13. Re1 O-O-O 14. Rc1 Bb4 15. Re2 Kb8 16. Bd3 Qg7 17. a3 Be7 18. Nc5 Bxc5 19. Rxc5 Rhg8 20. g3 Ne7 21. Ne5 {Dubov,D (2684)-Sathvik Adiga (2396) chess.com INT 2025 1-0 (34)}) 7. Bxf6 Qxf6 8. d5 $146 ({RR} 8. e5 Qd8 9. d5 exd5 10. Bxd5 Be7 11. Nc3 O-O 12. Qa4 Nc6 13. O-O Nb4 14. Rad1 Qe8 15. Qb3 Nxd5 16. Nxd5 Bd8 17. Nf4 Rb8 18. Qa3 Bb6 19. Rfe1 Qb5 20. Nh4 Qb4 21. Qf3 Bd8 22. a3 Qxb2 {Dubov,D (2701)-Ponkratov,P (2571) Barnaul RUS 2024 ½-½ (55)}) ({RR} 8. e5 Qd8 9. d5 exd5 10. Bxd5 Be7 11. Nc3 O-O 12. Qb3 Nc6 13. O-O-O Qb6 14. Rhe1 Qxb3 15. Bxb3 Bg4 16. Re4 Bf5 17. Rf4 g6 18. Nd5 Rad8 19. h4 Kg7 20. Ne3 Rxd1+ 21. Kxd1 Bc8 22. Ke2 b5 {Andreikin,D (2729)-Ibrahimli,M (2406) chess.com INT 2023 ½-½ (92)}) 8... exd5 9. Bxd5 Be7 10. Nc3 Nc6 11. O-O 1/2-1/2

[Event "Cattolica Primavera op"]
[Site "Cattolica"]
[Date "2022.03.19"]
[Round "7"]
[White "Bernadskiy, Vitaliy"]
[Black "Basso, Pier Luigi"]
[Result "1/2-1/2"]
[WhiteElo "2606"]
[BlackElo "2600"]
[PlyCount "19"]
[EventDate "2022.03.16"]
[EventType "swiss"]
[EventRounds "9"]
[EventCountry "ITA"]
[SourceTitle "CBM 207 Extra"]
[Source "ChessBase"]
[SourceDate "2022.05.31"]
[SourceVersion "1"]
[SourceVersionDate "2022.05.31"]
[SourceQuality "1"]

1. d4 {Hecht,Hans Joachim} d5 2. Nf3 e6 3. c4 c6 4. e3 Nf6 5. Nbd2 Nbd7 6. Bd3 Be7 7. O-O b6 ({RR} 7... c5 8. cxd5 exd5 9. b3 O-O 10. Bb2 b6 11. Rc1 Bb7 12. Qc2 Rc8 13. Qb1 Rc7 14. dxc5 bxc5 15. e4 dxe4 16. Nxe4 Nxe4 17. Bxe4 Bxe4 18. Qxe4 Bf6 19. Bxf6 Nxf6 20. Qc4 Re8 21. Rfe1 Rxe1+ 22. Nxe1 {Seirawan,Y (2644)-Lapshun,Y (2384) Seattle 2002 CBM 087 [Hecht,Hans Joachim] ½-½ (48)}) 8. e4 dxe4 9. Nxe4 Bb7 10. Bf4 $146 ({RR} 10. Qe2 Nxe4 11. Bxe4 Nf6 12. Bc2 Qc7 13. Ne5 Rd8 14. Rd1 O-O 15. Bf4 Qc8 16. Bg5 Qc7 17. Qd3 g6 18. Qh3 Nh5 19. Bh6 Ng7 20. Bf4 Qc8 21. Ng4 Nf5 22. Rd3 c5 23. Nh6+ Nxh6 24. Qxh6 e5 {Csiszar,C (2364)-Pataki,G (2347) Hungary 2002 1-0}) ({RR} 10. Ne5 O-O 11. Qf3 Qc8 12. Bg5 Qe8 13. Nxf6+ Nxf6 14. Qh3 h5 15. Rae1 Rd8 16. Bxf6 Bxf6 17. Qxh5 g6 18. Nxg6 fxg6 19. Bxg6 Qe7 20. Re3 Rf7 21. Rfe1 Bc8 22. Bxf7+ Qxf7 23. Rg3+ Kf8 24. Qh6+ Bg7 {Zimina,O (2310)-Castellanos Rodriguez,R (2484) Forni di Sopra ITA 2024 ½-½ (35)}) 1/2-1/2

[Event "FRA-chT1"]
[Site "France"]
[Date "2002.02.03"]
[Round "3.1"]
[White "Istratescu, Andrei"]
[Black "Dorfman, Josif D"]
[Result "1/2-1/2"]
[WhiteElo "2605"]
[BlackElo "2602"]
[PlyCount "20"]
[EventDate "2002.02.??"]
[EventType "team"]
[EventRounds "11"]
[EventCountry "FRA"]
[SourceTitle "EXT 2003"]
[Source "ChessBase"]
[SourceDate "2002.11.25"]
[SourceVersion "1"]
[SourceVersionDate "2002.11.25"]
[SourceQuality "1"]
[WhiteTeam "Sautron"]
[BlackTeam "Monaco"]
[WhiteTeamCountry "FRA"]
[BlackTeamCountry "MNC"]

1. c4 c6 2. d4 d5 3. Nf3 Nf6 4. e3 e6 5. Nbd2 c5 6. cxd5 exd5 7. Bb5+ Bd7 8. Bxd7+ Nbxd7 ({RR} 8... Qxd7 9. dxc5 Bxc5 10. O-O Nc6 11. Nb3 Bd6 12. Bd2 O-O 13. Bc3 Ne4 14. Rc1 Rac8 15. a3 Rfd8 16. Bd4 Qe7 17. Qe2 Bb8 18. Rc2 Nd6 19. Bc5 Qe4 20. Bxd6 Rxd6 21. Nbd4 Rcd8 22. Rfc1 Ne7 23. Nd2 {Jakovljevic,V (2314)-Swayham,P (2193) Budapest HUN 2026 ½-½ (90)}) ({RR} 8... Qxd7 9. O-O Nc6 10. Ne5 Qc7 11. Nxc6 Qxc6 12. Nf3 Bd6 13. dxc5 Qxc5 14. b3 O-O 15. Bb2 Ne4 16. Rc1 Qa5 17. Qd4 f6 18. a3 Kh8 19. b4 Qb5 20. Rfd1 Rfd8 21. Qd3 Qxd3 22. Rxd3 a5 23. b5 {Dorfman,J (2595)-Drozdovskij,Y (2509) Playchess.com INT 2006 0-1 (57)}) 9. O-O ({RR} 9. b3 Be7 10. Bb2 Rc8 11. dxc5 Nxc5 12. O-O O-O 13. Qe2 Nfe4 14. Rfd1 Bf6 15. Nd4 Qd7 16. Rac1 Rfe8 17. N2f3 h6 18. h3 a6 19. Qe1 Rc7 20. Rc2 Rec8 21. Qa5 Ne6 22. Rxc7 Rxc7 23. Qb6 Qc8 {Keymer,V (2690)-Carlsen,M (2835) Baku AZE 2023 ½-½ (44)}) 9... Bd6 10. b3 O-O $146 ({RR} 10... cxd4 11. Nxd4 O-O 12. Bb2 Rc8 13. Qe2 a6 14. Rfd1 Bb8 15. N2f3 Nc5 16. Nf5 Nce4 17. Ng3 Bxg3 18. hxg3 Qd7 19. Bxf6 Nxf6 20. Rac1 Qf5 21. Nd4 Qg6 22. Qf3 Rce8 23. Qf5 Qh6 {½-½ (23) Lampl,G (2090)-Froewis,G (2223) Imst 2008}) 1/2-1/2

[Event "RUS-chT 13th"]
[Site "Sochi"]
[Date "2006.04.21"]
[Round "2"]
[White "Karpov, Anatoly"]
[Black "Gelfand, Boris"]
[Result "1/2-1/2"]
[WhiteElo "2672"]
[BlackElo "2727"]
[PlyCount "17"]
[EventDate "2006.04.20"]
[EventType "team-tourn"]
[EventRounds "11"]
[EventCountry "RUS"]
[SourceTitle "EXT 2020"]
[Source "ChessBase"]
[SourceDate "2019.10.17"]
[SourceVersion "1"]
[SourceVersionDate "2019.10.17"]
[SourceQuality "1"]
[WhiteTeam "Chelyabinsk South Ural"]
[BlackTeam "Samara Termosteps"]
[WhiteTeamCountry "RUS"]
[BlackTeamCountry "RUS"]

1. d4 Nf6 2. Nf3 d5 3. c4 e6 4. e3 Be7 5. Nbd2 O-O 6. Bd3 c5 7. cxd5 ({RR} 7. dxc5 Na6 8. Nb3 dxc4 9. Bxc4 Qxd1+ 10. Kxd1 Nxc5 11. Nxc5 Bxc5 12. Ke2 b6 13. b3 Bb7 14. Bb2 Rfd8 15. Rhd1 Ne4 16. Rac1 Kf8 17. Ne1 Nd6 18. Bd3 a5 19. f3 a4 20. Nc2 axb3 21. axb3 Ra2 {Karpov,A (2655)-Gelfand,B (2723) Odessa 2008 ½-½}) 7... cxd4 ({RR} 7... exd5 8. dxc5 Bxc5 9. O-O Nc6 10. a3 Bd6 11. b4 Ne5 12. Be2 Be6 13. Bb2 Nc4 14. Nxc4 dxc4 15. Bxf6 gxf6 16. Nd4 Be5 17. Nxe6 fxe6 18. Bxc4 Bxa1 19. Bxe6+ Kg7 20. Qg4+ Kh8 21. Rxa1 Qd6 22. Rd1 {Ticona Rocabado,L (2360)-Palma Neira,E (2028) Medellin COL 2024 0-1 (51)}) 8. Nxd4 $146 ({RR} 8. e4 exd5 9. e5 Nfd7 10. Nb3 Nc6 11. Bf4 Nc5 12. O-O Nxd3 13. Qxd3 Nb4 14. Qd2 d3 15. Nbd4 Bd7 16. a3 Nc2 17. Rac1 Qb6 18. Qxd3 Nxd4 19. Nxd4 Rac8 20. Qd2 Bc5 21. Be3 Qg6 22. Ne2 Bxe3 {Havelka,J (2019)-Vojta,P (2225) Ricany 2014 ½-½}) ({RR} 8. exd4 exd5 9. O-O Nc6 10. h3 Bd6 11. Re1 Re8 12. Rxe8+ Qxe8 13. Nf1 h6 14. Ne3 Be6 15. Bd2 Ne4 16. Be1 f5 17. Qb3 Qf7 18. Bf1 g5 19. Nc2 g4 20. Nd2 h5 21. Rd1 Nf6 22. h4 Rc8 {Bensdorp,M (2301)-Sargissian,G (2673) Rethymno 2010 0-1 (51)}) 8... Qxd5 9. Qf3 1/2-1/2

[Event "Linares Anibal op 06th"]
[Site "Linares"]
[Date "1999.01.14"]
[Round "7"]
[White "Dreev, Alexey"]
[Black "Minasian, Artashes"]
[Result "1/2-1/2"]
[WhiteElo "2645"]
[BlackElo "2620"]
[PlyCount "18"]
[EventDate "1999.01.??"]
[EventType "swiss"]
[EventRounds "10"]
[EventCountry "ESP"]
[SourceTitle "CBM 068 Extra"]
[Source "ChessBase"]
[SourceDate "1999.03.01"]
[SourceVersion "1"]
[SourceVersionDate "1999.03.01"]
[SourceQuality "1"]

1. d4 d5 2. c4 e6 3. Nf3 c6 4. Qc2 Bd6 5. Bg5 f6 6. Bh4 Ne7 7. Bg3 c5 $146 ({RR} 7... Bb4+ 8. Nbd2 Nf5 9. e3 Nxg3 10. hxg3 f5 11. Bd3 Nd7 12. O-O-O Nf6 13. cxd5 Bxd2+ 14. Qxd2 exd5 15. Ne5 O-O 16. Qc2 Ne4 17. g4 c5 18. dxc5 Qe7 19. f4 fxg4 20. Bxe4 dxe4 21. Rxh7 Bf5 22. Qb3+ {Janjuk,V-Moroz,A (2385) Sumperk 1990 1-0}) ({RR} 7... Bb4+ 8. Nc3 Nf5 9. e3 Nxg3 10. hxg3 f5 11. cxd5 exd5 12. g4 Qf6 13. Bd3 fxg4 14. Ne5 Be6 15. Bxh7 Rf8 16. Bg6+ Kd8 17. Bd3 Nd7 18. Ng6 Re8 19. O-O-O Rc8 20. Nf4 Bf7 21. Bf5 g5 22. Nh5 {Tkachiev,V (2625)-Fier,A (2580) Dubai 2014 0-1 (48)}) ({RR} 7... f5 8. e3 O-O 9. Bd3 Ng6 10. Nc3 Na6 11. a3 Nc7 12. O-O Bxg3 13. hxg3 Ne8 14. Ne2 Nd6 15. Nf4 Nh8 16. g4 g5 17. Nh5 dxc4 18. Bxc4 Nxc4 19. Qxc4 fxg4 20. Ne5 Qe8 21. Ng3 h5 22. f4 {Davtyan,A (2460)-Vocaturo,D (2614) Terme Catez 2022 1-0}) ({RR} 7... Bb4+ 8. Nbd2 Nf5 9. a3 Ba5 10. b4 Bb6 11. c5 Bc7 12. Bxc7 Qxc7 13. e4 dxe4 14. Nxe4 O-O 15. Bc4 b5 16. Bb3 a5 17. Rd1 axb4 18. axb4 Kh8 19. O-O Na6 20. Qd2 Ne7 21. Nd6 Nd5 22. Bxd5 {Dreev,A (2670)-Guimaraes,D (2278) Villorba 2019 1-0 (49)}) 8. dxc5 Bxc5 9. cxd5 Qa5+ 1/2-1/2

[Event "Cannes op"]
[Site "Cannes"]
[Date "2011.02.27"]
[Round "9"]
[White "Roiz, Michael"]
[Black "Bauer, Christian"]
[Result "1/2-1/2"]
[WhiteElo "2649"]
[BlackElo "2633"]
[PlyCount "15"]
[EventDate "2011.02.21"]
[EventType "swiss"]
[EventRounds "9"]
[EventCountry "FRA"]
[SourceTitle "CBM 141 Extra"]
[Source "ChessBase"]
[SourceDate "2011.05.03"]
[SourceVersion "1"]
[SourceVersionDate "2011.05.03"]
[SourceQuality "1"]

1. d4 Nf6 2. Nf3 d5 3. c4 e6 4. e3 a6 5. b3 c5 6. cxd5 Nxd5 ({RR} 6... exd5 7. Be2 Nc6 8. O-O cxd4 9. Nxd4 Bd6 10. Ba3 Bxa3 11. Nxa3 O-O 12. Nac2 Qd6 13. Ne1 Bd7 14. Nef3 {½-½ (14) Epishin,V (2553)-Bauer,C (2626) Zuerich 2019}) 7. Bb2 ({RR} 7. Be2 Nc6 8. O-O cxd4 9. Nxd4 Nxd4 10. Qxd4 Be7 11. Bb2 Bf6 12. Qd2 Bd7 13. Rd1 Bc6 14. e4 Nf4 15. Qxd8+ Rxd8 16. Rxd8+ Bxd8 17. Bf1 Bxe4 18. Nd2 Bc6 19. g3 Bf6 20. Bxf6 gxf6 21. Rc1 Kd7 {Fressinet,L (2687)-Carlsen,M (2855) Paris 2016 ½-½ (71)}) ({RR} 7. dxc5 Bxc5 8. Bb2 O-O 9. a3 Be7 10. e4 Nf4 11. Nc3 Qxd1+ 12. Rxd1 Nc6 13. Na4 b5 14. Nb6 Rb8 15. Nxc8 Rfxc8 16. g3 Ng6 17. Bd3 Bf6 18. Bxf6 gxf6 19. Kd2 Nge5 20. Nxe5 fxe5 21. Rc1 Nd4 {Erigaisi,A (2775)-Deac,B (2652) chess.com INT 2026 1-0 (61)}) 7... cxd4 8. Bc1 $146 ({RR} 8. Nxd4 e5 9. Nf3 Nc6 10. Bc4 Be6 11. O-O f6 12. Qe2 Qc7 13. Rd1 Rd8 14. Nc3 Qf7 15. Nxd5 Rxd5 16. Bxd5 Bxd5 17. Nd2 Bb4 18. e4 Be6 19. Nc4 O-O 20. Rac1 g6 21. a3 Be7 22. b4 Qe8 {Rezvy,L (2153)-Somkin,K (2189) Cheliabinsk 2021 1-0 (37)}) ({RR} 8. Nxd4 Bb4+ 9. Nd2 O-O 10. a3 Be7 11. Bd3 b5 12. O-O Bb7 13. b4 Nd7 14. Qh5 N5f6 15. Qh3 Re8 16. Rad1 Nf8 17. N2b3 Qb6 18. Nf3 Bd5 19. Bd4 Qb8 20. Na5 Ng6 21. Ng5 e5 22. Ba1 Bd8 {Schreiner,P (2472)-Mesaros,F (2334) Zadar 2016 1-0 (34)}) 1/2-1/2

[Event "Julius Baer Gen Cup D2 L"]
[Site "chess.com INT"]
[Date "2024.09.28"]
[Round "1.2"]
[White "Indjic, A."]
[Black "Oparin, G."]
[Result "1-0"]
[WhiteElo "2611"]
[BlackElo "2662"]
[PlyCount "277"]
[EventDate "2024.09.28"]
[EventType "k.o."]

1. d4 d5 2. c4 e6 3. Nf3 a6 4. cxd5 exd5 5. Nc3 Nf6 6. Ne5 ({RR} 6. Bg5 c6 7. Qc2 g6 8. Bxf6 Qxf6 9. Nxd5 Qd8 10. Qe4+ Be6 11. Nf4 Qa5+ 12. Kd1 Qf5 13. Qxf5 Bxf5 14. e3 Bd6 15. g3 Nd7 16. Bh3 Be4 17. Ke2 f5 18. Bg2 Bxf4 19. gxf4 Ke7 20. Rhc1 Rhc8 {Makarov,M (2518)-Savchenko,B (2577) Krasnoyarsk 2007 1-0 (85)}) 6... Be6 7. Bf4 $146 ({RR} 7. Bg5 Be7 8. e3 Nbd7 9. Nxd7 Qxd7 10. Qb3 c5 11. dxc5 d4 12. Bc4 Bxc4 13. Qxc4 dxc3 14. Qxc3 O-O 15. O-O Ne4 16. Rfd1 Qxd1+ 17. Rxd1 Nxc3 {0-1 (17) Ivana Maria,F (2072)-Levitan,C (2219) chess.com INT 2023}) 7... Nbd7 8. e3 c6 9. Bd3 Be7 10. h3 O-O 11. Qf3 Nxe5 12. Bxe5 Nd7 13. Bf4 a5 14. Qg3 Bh4 15. Qf3 a4 16. Bd6 Re8 17. O-O g6 18. Rab1 Bf6 19. Bc2 b5 20. a3 Bg7 21. Na2 Nb6 22. Bc5 Nc4 23. Rfd1 f5 24. Nb4 Bd7 25. Bd3 Qf6 26. Bxc4 bxc4 27. Qg3 Re6 28. h4 Re4 29. f4 Rae8 30. Re1 Rb8 31. Na2 Ree8 32. Nc3 Ra8 33. Kf2 Kf7 34. Re2 h6 35. Rh1 Reb8 36. Rd2 Rb3 37. Re1 Be8 38. Ree2 Ke6 39. Qh3 Kf7 40. Qg3 Qd8 41. Qh3 Bd7 42. g3 Bf6 43. Rc2 Ra5 44. Bd6 Qg8 45. Bb4 Ra8 46. Kf1 Be6 47. Bc5 Ke8 48. Ke1 Kd7 49. Kd1 Bd8 50. Bb4 Bb6 51. Kc1 Qf7 52. Qh1 Bd8 53. Qe1 Bf6 54. Rh2 Qe8 55. Bc5 Qb8 56. Na2 Qb7 57. Bb4 Re8 58. Rce2 Bf7 59. Nc3 Qa6 60. Na2 Rd3 61. Bc3 Qb5 62. Nb4 Be7 63. Nxd3 cxd3 64. Rd2 c5 65. Qd1 c4 66. Rdg2 Be6 67. Kd2 Qc6 68. Ke1 Rg8 69. Kf2 Ke8 70. Rg1 Kf7 71. Rgg2 Bd8 72. Rg1 Bc7 73. Rgg2 Qe8 74. Rg1 Bd7 75. Qf3 Qe6 76. Rgg2 Ke8 77. Rg1 Kd8 78. Rgg2 Kc8 79. Rg1 Kb7 80. Qd1 Bc6 81. Qf3 Bb8 82. g4 fxg4 83. Rxg4 Bd7 84. Rg1 Qf7 85. Ke1 Bf5 86. Qd1 Qe8 87. Kd2 Rg7 88. Qf3 Kc6 89. Qf2 Re7 90. Rhg2 Re4 91. Re1 Bd6 92. Rgg1 Be7 93. Rh1 Qd7 94. Qf3 Bg4 95. Qg3 Bf5 96. Qf3 Bd8 97. Qd1 Kb5 98. Qf3 Qe7 99. Bb4 Qe6 100. Bc3 Ba5 101. Rhg1 Bc7 102. Rh1 Bg4 103. Qf2 Qe8 104. Qg2 Bf5 105. Qf3 Bd6 106. Rhg1 Qf7 107. Rh1 Qe6 108. Qf2 Be7 109. Reg1 Bd8 110. h5 g5 111. fxg5 Bxg5 112. Rxg5 hxg5 113. h6 Bh7 114. Qg3 Kc6 115. Ba5 Qe7 116. Bb4 Qd8 117. Rf1 Rh4 118. Kc3 d2 119. Kxd2 Rxh6 120. Rf7 Be4 121. Qe5 Kb6 122. Rf8 Qd7 123. Qb8+ Qb7 124. Qd8+ Kc6 125. Rf6+ Rxf6 126. Qxf6+ Kb5 127. Qd6 c3+ 128. bxc3 Kc4 129. Qc5+ Kb3 130. c4 dxc4 131. Bc3 g4 132. Qd6 Bd5 133. Qg3 Kxa3 134. Qxg4 Qb3 135. Qf5 Bb7 136. d5 Ka2 137. Qc2+ Ka3 138. Qc1+ Ka2 139. Qa1# 1-0

[Event "Jerusalem Masters 2025"]
[Site "Jerusalem ISR"]
[Date "2025.12.01"]
[Round "6.1"]
[White "Erigaisi, Arjun"]
[Black "Rodshtein, M."]
[Result "1-0"]
[WhiteElo "2769"]
[BlackElo "2611"]
[PlyCount "255"]
[EventDate "2025.11.30"]

1. d4 d5 2. c4 e6 3. Nf3 Nf6 4. e3 b6 5. b3 Bb7 6. Bb2 Bd6 7. Bd3 O-O 8. O-O Nbd7 9. Nc3 Re8 ({RR} 9... dxc4 10. bxc4 c5 11. d5 exd5 12. Nxd5 Nxd5 13. cxd5 Qe7 14. Qc2 g6 15. Rad1 Rad8 16. Qc3 f6 17. e4 Ne5 18. Nd2 Nxd3 19. Qxd3 Be5 20. Bxe5 Qxe5 21. Qa3 Qc7 22. Rfe1 f5 23. Qc3 fxe4 24. Nxe4 {Artemiev,V (2708)-Giri,A (2764) Chess.com INT 2020 0-1 (53)}) 10. Rc1 ({RR} 10. Re1 dxc4 11. Bxc4 a6 12. e4 b5 13. e5 bxc4 14. bxc4 Rb8 15. Rb1 Be7 16. exf6 Bxf6 17. Ne4 Bxe4 18. Rxe4 c5 19. h3 Qc7 20. Re3 cxd4 21. Bxd4 Rxb1 22. Qxb1 Qxc4 23. Qb7 Qb5 24. Rb3 Qxb7 {Keinanen,T (2495)-Svane,R (2620) chess.com INT 2026 ½-½ (48)}) 10... a6 11. Re1 dxc4 $146 ({RR} 11... Ne4 12. Qc2 f5 13. cxd5 exd5 14. Ne2 Rc8 15. Ng3 g6 16. Qe2 a5 17. Ba6 Bxa6 18. Qxa6 Qe7 19. Qb5 Qe6 20. Rc6 Nb8 21. Rc2 Re7 22. Ne5 c6 23. Qe2 Bxe5 24. dxe5 Rec7 25. Nh1 Nd7 26. f3 {Gnechko,R (2132)-Matlakov,M (2606) Sochi RUS 2025 0-1 (77)}) 12. bxc4 c5 13. d5 exd5 14. Nxd5 Ne5 15. e4 Nfg4 16. h3 Nxf3+ 17. Qxf3 Bh2+ 18. Kh1 Be5 19. Re2 Bxb2 20. Rxb2 Ne5 21. Qg3 b5 22. cxb5 Bxd5 23. exd5 Qxd5 24. Bb1 axb5 25. Rxb5 Nd7 26. Qc3 g6 27. Kg1 Ra7 28. Rb2 Qe5 29. Bd3 Qxc3 30. Rxc3 Re1+ 31. Kh2 Re7 32. Bb5 Kg7 33. Rd2 h5 34. f3 h4 35. a4 Nb6 36. Rxc5 Nxa4 37. Rc4 Nb6 38. Rxh4 Nd7 39. Rhd4 Nf8 40. Bc4 Ne6 41. Re4 Nf8 42. Rxe7 Rxe7 43. h4 Nh7 44. g4 Nf6 45. Kg3 Rc7 46. Rd4 Nd7 47. Kf4 Nf6 48. Ke3 Re7+ 49. Kd2 Ra7 50. Rf4 Rd7+ 51. Ke2 Re7+ 52. Kf2 Rc7 53. g5 Ng8 54. Kg3 Ra7 55. Kf2 Re7 56. Kf1 Rc7 57. Ke2 Re7+ 58. Kd3 Rd7+ 59. Kc3 Ra7 60. Kd4 Rd7+ 61. Ke3 Re7+ 62. Kf2 Rc7 63. Kg3 Ra7 64. Kg4 Rc7 65. h5 gxh5+ 66. Kxh5 Ra7 67. Rf5 Rc7 68. Bd5 Re7 69. f4 Rd7 70. Kg4 Re7 71. Kf3 Ra7 72. Ke3 Re7+ 73. Kd4 Ra7 74. Kc5 Kg6 75. Re5 Kg7 76. f5 f6 77. Re6 Kf8 78. Rb6 Ra5+ 79. Kd4 Ra4+ 80. Ke3 Ra3+ 81. Ke2 Ne7 82. Rxf6+ Ke8 83. Bf7+ Kf8 84. Bc4+ Ke8 85. Bf7+ Kf8 86. Be6+ Ke8 87. Rh6 Nc6 88. Kf2 Nd4 89. Kg2 Kf8 90. Rf6+ Ke7 91. Rf7+ Kd6 92. Bc8 Ra8 93. Rd7+ Ke5 94. Bb7 Ra2+ 95. Kh3 Nxf5 96. Kg4 Ra4+ 97. Kh5 Nd6 98. Bc6 Rc4 99. Re7+ Kf4 100. Bd7 Rc5 101. Rg7 Ne4 102. Rf7+ Ke3 103. Bf5 Nxg5 104. Kxg5 Kd4 105. Kf4 Rd5 106. Ra7 Rc5 107. Be6 Rc1 108. Rd7+ Kc3 109. Bg4 Re1 110. Bf3 Kc4 111. Be4 Kc3 112. Ke5 Ra1 113. Rd3+ Kc4 114. Rd2 Ra5+ 115. Bd5+ Kc3 116. Rd4 Ra1 117. Rc4+ Kd3 118. Rh4 Ra5 119. Rh3+ Ke2 120. Kd4 Ra4+ 121. Bc4+ Kf2 122. Rc3 Ra8 123. Bd5 Re8 124. Bc6 Re7 125. Rf3+ Ke2 126. Rf5 Kd2 127. Bb5 Kd1 128. Kc3 1-0

[Event "chess.com SpeedChess Q1Sw"]
[Site "chess.com INT"]
[Date "2023.08.21"]
[Round "7"]
[White "Ter Sahakyan, S."]
[Black "Svane, R."]
[Result "1/2-1/2"]
[WhiteElo "2609"]
[BlackElo "2631"]
[PlyCount "254"]
[EventDate "2023.08.21"]

1. d4 d5 2. c4 e6 3. Nf3 h6 4. Nc3 Nf6 5. g3 Bd6 6. Bg2 O-O 7. O-O Nc6 8. b3 Re8 9. Bb2 dxc4 10. bxc4 e5 11. Nb5 ({RR} 11. d5 Na5 12. Nd2 b6 13. Nb5 Nd7 14. e4 Nc5 15. Qc2 Bd7 16. a4 h5 17. f4 h4 18. fxe5 Bxe5 19. Bxe5 Rxe5 20. Nf3 Rxe4 21. Nfd4 Re8 22. d6 Bxb5 23. Nxb5 c6 24. Nc7 Qxd6 25. Nxa8 Rxa8 {Yatskar,M (2290)-Perez Gormaz,M (2383) chess.com INT 2026 1-0 (39)}) ({RR} 11. e3 Bf5 12. d5 Nb4 13. Nh4 Bg4 14. Bf3 Bh3 15. Bg2 Bxg2 16. Kxg2 e4 17. Nf5 Be5 18. Rb1 Qd7 19. Nd4 Nd3 20. Nxe4 Nxe4 21. Qxd3 Bf6 22. Nf3 c6 23. Bxf6 Nxf6 24. Rfd1 Rad8 25. Qa3 cxd5 {Pultinevicius,P (2587)-Svane,R (2627) chess.com INT 2024 0-1 (56)}) 11... exd4 12. Nfxd4 $146 ({RR} 12. Nxd6 Qxd6 13. Nxd4 Ne5 14. Nb5 Qb6 15. Bd4 c5 16. Bc3 Nxc4 17. Rb1 Bg4 18. Re1 a6 19. Na3 Qe6 20. Nxc4 Qxc4 21. Bxf6 gxf6 22. Rxb7 Bxe2 23. Qd2 Bh5 24. Rc1 Rad8 25. Qxh6 Qxc1+ 26. Qxc1 Rd1+ {Ezat,M (2349)-Sairam,P (1980) chess.com INT 2024 1-0 (41)}) 12... Nxd4 13. Qxd4 Rxe2 14. Rfe1 Rxe1+ 15. Rxe1 a6 16. Nxd6 cxd6 17. Ba3 Qa5 18. Re3 Be6 19. Bxd6 Qxa2 20. h3 Qxc4 21. Qxc4 Bxc4 22. Bxb7 Ra7 23. Bc6 a5 24. Rc3 Bd5 25. Ba4 Rb7 26. Rc8+ Kh7 27. Bc2+ Be4 28. Be5 Bxc2 29. Rxc2 Nd5 30. Rc5 Rd7 31. Rxa5 f6 32. Ba1 g5 33. Kg2 Kg6 34. Ra2 h5 35. Re2 h4 36. Bd4 Rc7 37. Rd2 Rb7 38. Bc5 Rd7 39. Bd4 Kf5 40. Re2 Rc7 41. g4+ Kg6 42. Be3 Rb7 43. Rd2 Rd7 44. Kf3 Kf7 45. Rc2 Rd6 46. Rd2 Ke6 47. Re2 Kf7 48. Ra2 Rc6 49. Rd2 Ne7 50. Ra2 Kg6 51. Ra7 Re6 52. Ra2 Nc6 53. Rc2 Ne5+ 54. Kg2 Ra6 55. Bd4 Nd3 56. Rd2 Nf4+ 57. Kh2 Ra5 58. Be3 Nd5 59. Kg2 Rb5 60. Kf3 f5 61. gxf5+ Kxf5 62. Rc2 Ra5 63. Rd2 Nf6 64. Rb2 Nd7 65. Rb7 Ne5+ 66. Kg2 Rd5 67. Rb8 Ng6 68. Rb4 Re5 69. Ra4 Rb5 70. Rc4 Ne5 71. Rc8 Ng6 72. Rc4 Rd5 73. Rc8 g4 74. hxg4+ Kxg4 75. Rg8 Rd6 76. f3+ Kf5 77. Kf2 Rc6 78. Kg2 Rc2+ 79. Kh3 Rc3 80. Bf2 Rxf3+ 81. Kg2 Rd3 82. Bxh4 Nxh4+ 83. Kf2 Kf4 84. Rf8+ Nf5 85. Ke2 Rd4 86. Rf7 Rd8 87. Rf6 Ke5 88. Rf7 Ke4 89. Rh7 Rb8 90. Rf7 Rb2+ 91. Ke1 Ke3 92. Kd1 Nd4 93. Re7+ Kd3 94. Ke1 Nf3+ 95. Kf1 Nd2+ 96. Kg1 Ne4 97. Kf1 Ke3 98. Re8 Rb7 99. Kg2 Rg7+ 100. Kf1 Rg6 101. Re7 Rg8 102. Re6 Kf3 103. Re7 Rf8 104. Ke1 Ke3 105. Kd1 Rc8 106. Re6 Kd3 107. Re7 Nf2+ 108. Ke1 Ne4 109. Kd1 Rc5 110. Rd7+ Ke3 111. Re7 Rc8 112. Re6 Ra8 113. Re7 Ra2 114. Re6 Kd3 115. Kc1 Nd2 116. Rd6+ Kc3 117. Rc6+ Nc4 118. Kd1 Kd3 119. Ke1 Ne5 120. Rd6+ Ke3 121. Kd1 Nc4 122. Re6+ Kd3 123. Ke1 Nd2 124. Rd6+ Ke3 125. Re6+ Ne4 126. Kd1 Ra8 127. Re7 Rc8 1/2-1/2